000 01866cam a2200433 i 4500
003 URS
005 20260406165126.0
008 250128t20252025paua b 001 0 eng d
020 _a978-1-97520-493-8
040 _bEnglish
_erda
_cURS
050 _aRJ48
_b.F5863 2025
082 0 4 _a618.92
130 0 _a5-minute pediatric consult standard.
245 1 4 _aThe 5-minute pediatric consult /
_ceditor, Michael D. Cabana.
246 3 _aFive-minute pediatric consult
250 _a9th edition.
264 4 _aPhiladelphia :
_bWolters Kluwer,
_c©2025.
300 _axli, 1199 pages :
_billustrations ;
_c28 cm.
336 _atext
_btxt
_2rdacontent
337 _aunmediated
_bn
_2rdamedia
338 _avolume
_bnc
_2rdacarrier
490 1 _a5MinuteConsult
504 _aIncludes bibliographical references and index.
520 _aFind answers fast with The 5-Minute Pediatric Consult, 9th Edition--your go-to resource for the effective medical care of infants, children, and adolescents. Using the proven 5-Minute format, it provides rapid access to information on diagnosis, treatment, medications, follow-up, and associated factors for more than 530 diseases and conditions. The 5-Minute Pediatric Consult is designed to help you make quick, accurate decisions every day ... helping you save time and offer every patient the best possible care.
650 0 _aPediatrics
_vHandbooks, manuals, etc.
650 0 _aChildren
_xDiseases
_vHandbooks, manuals, etc.
650 0 _aChildren
_xDiseases.
650 0 _aPediatrics.
650 2 _aPediatrics
650 6 _aPédiatrie.
650 6 _aEnfants
_xMaladies.
655 2 _aHandbook
655 7 _ahandbooks.
_2aat
655 7 _aHandbooks and manuals.
_2lcgft
655 7 _aGuides et manuels.
_2rvmgf
700 1 _aCabana, Michael D.,
_eeditor.
830 0 _a5-minute consult (Series)
942 _2lcc
_cR
999 _c99064
_d99061